00338nam a2200133 a 45000010010000000030011000100080041000210350026000620820014000881000019001022450032001212600039001536500012001920000-8654ELIB.Books110520 1992  a(ELIB.Books)0000-8800 a266 bWie aWiebracht Dean aThe World beyond your Walls bManila: Philippine Crusades c1992 aMission